000 00491nam a22001932 4500
001 0000003400
005 20170406115006.0
008 140612s xx 000 0 eng d
020 _c$
040 _aYour Holding Symbol
_cYour Holding Symbol
100 1 _aDover,K J.
245 1 0 _aAristophanic comedy.
250 _a ed.
260 _aLondon :
_bBastford,
_c1972.
300 _a253 p. ;
_c cm.
504 _abibliography.
650 0 _aliterature.
908 _a140612
999 _c3277
_d3277